El traumatizado en urgencias: protocolos

Salvato in:
Dettagli Bibliografici
Autore principale: Rodríguez Rodríguez, Juan Carlos (Autore)
Natura: Libro
Lingua:spagnolo
Pubblicazione: Madrid Díaz de Santos S. A 2000
Edizione:2a. ed
Soggetti:
Tags: Aggiungi Tag
Nessun Tag, puoi essere il primo ad aggiungerne!!

MARC

LEADER 00000cam a2200000 a 4500
001 UCD5522
003 CL-VaPUC
008 160915e20000000sp |||||||||||||||||spa|d
020 |a 8479784326 
082 0 4 |a 612.83  |b ROD  |2 21 
100 0 |a Rodríguez Rodríguez, Juan Carlos  |e author  |9 589290 
245 1 3 |a El traumatizado en urgencias: protocolos 
250 |a 2a. ed 
300 |a 267 p 
942 |c BK 
945 |d 20160915 16:42:00  |a dcastane 
260 |a Madrid  |b Díaz de Santos S. A  |c 2000 
650 0 |a Neurología   |9 269802 
650 0 |a Traumatología  |9 324124 
650 0 |a Atención médica  |9 337119 
583 |a last modification  |c 20160915 16:42:00  |k Rodrigo Vera 
999 |c 366176  |d 366174